[Event "CHN-chB"]
[Site "Harbin"]
[Date "2016.07.17"]
[Round "2"]
[White "Yan, Xuesong"]
[Black "Zhao, Yuanhe"]
[Result "0-1"]
[WhiteElo "1910"]
[BlackElo "2328"]
[PlyCount "106"]
[EventDate "2016.07.17"]
[EventType "swiss"]
[EventRounds "11"]
[EventCountry "CHN"]
[SourceTitle "CBM 173 Extra"]
[Source "ChessBase"]
[SourceDate "2016.08.29"]
[SourceVersion "1"]
[SourceVersionDate "2016.08.29"]
[SourceQuality "1"]

1. d4 Nf6 2. c4 g6 3. Nc3 d5 4. cxd5 Nxd5 5. e4 Nxc3 6. bxc3 Bg7 7. Bc4 c5 8. Ne2 0-0 9. 0-0 Nd7 10. Be3 Qa5 11. f3 Nb6 12. Bb3 cxd4 13. cxd4 Bd7 14. d5 Bb5 15. Re1 Rac8 16. Bd4 Bc4 17. Bxg7 Kxg7 18. Ng3 Qb5 19. Qd2 h6 20. f4 Bxb3 21. axb3 Qxb3 22. Rxa7 Nd7 23. Raa1 Qc3 24. Qf2 Nf6 25. h3 h5 26. Rad1 h4 27. Nf1 Rc4 28. e5 Nh5 29. Rc1 Qxc1 30. Rxc1 Rxc1 31. Qxh4 Ra8 32. g4 Nxf4 33. Qxe7 Nxd5 34. Qxb7 Nc7 35. e6 Raa1 36. e7 Rxf1+ 37. Kg2 Rg1+ 38. Kh2 Rh1+ 39. Kg3 Rac1 40. Qxc7 Rxc7 41. e8Q Rc3+ 42. Kg2 Rhxh3 43. Qe5+ Kh7 44. Qd5 Rhg3+ 45. Kh2 Rgf3 46. g5 Rf5 47. Qd8 Rf2+ 48. Kg1 Rb2 49. Qd1 Rg3+ 50. Kh1 Rb4 51. Kh2 Rxg5 52. Qe1 Rbg4 53. Kh3 Rg1 0-1

[Event "Zhongfu op 1st"]
[Site "Shijiazhuang"]
[Date "2015.08.09"]
[Round "2"]
[White "Yan, Xuesong"]
[Black "Qiu, Mengjie"]
[Result "1-0"]
[WhiteElo "1906"]
[BlackElo "2178"]
[PlyCount "103"]
[EventDate "2015.08.08"]
[EventType "swiss"]
[EventRounds "9"]
[EventCountry "CHN"]
[SourceTitle "CBM 167 Extra"]
[Source "ChessBase"]
[SourceDate "2015.09.14"]
[SourceVersion "1"]
[SourceVersionDate "2015.09.14"]
[SourceQuality "1"]

1. e4 e5 2. Nf3 Nc6 3. Bb5 Nf6 4. Nc3 Bb4 5. 0-0 0-0 6. d3 d6 7. Ne2 Ne7 8. Ng3 c6 9. Ba4 Ng6 10. c3 Ba5 11. d4 h6 12. h3 Bc7 13. Bc2 Re8 14. Be3 Be6 15. Qd2 d5 16. Nxe5 Nxe4 17. Nxe4 Nxe5 18. dxe5 dxe4 19. Qxd8 Rexd8 20. Bxe4 Bxe5 21. Rfe1 Bc7 22. Bc2 Bb6 23. Bb3 Bxe3 24. Rxe3 Bxb3 25. axb3 Kf8 26. Kf1 Rd2 27. Re2 Rxe2 28. Kxe2 Ke7 29. Ra4 a6 30. Re4+ Kd7 31. Kd3 Rd8 32. Rd4+ Kc7 33. Rxd8 Kxd8 34. Ke4 Ke7 35. h4 Ke6 36. g4 g6 37. b4 f6 38. Kd4 b6 39. c4 b5 40. Kc5 Kd7 41. Kb6 bxc4 42. Kxa6 Ke6 43. Kb6 Kd6 44. f4 g5 45. fxg5 hxg5 46. h5 Ke7 47. h6 Kf7 48. h7 Kg7 49. h8Q+ Kxh8 50. Kxc6 f5 51. b5 fxg4 52. b6 1-0

[Event "Zhongshan zt 3.5"]
[Site "Zhongshan"]
[Date "2014.10.31"]
[Round "6"]
[White "Teng, Jiarong"]
[Black "Yan, Xuesong"]
[Result "1-0"]
[WhiteElo "2092"]
[BlackElo "1900"]
[PlyCount "89"]
[EventDate "2014.10.26"]
[EventType "swiss"]
[EventRounds "11"]
[EventCountry "CHN"]
[SourceTitle "EXT 2015"]
[Source "ChessBase"]
[SourceDate "2014.11.20"]
[SourceVersion "1"]
[SourceVersionDate "2014.11.20"]
[SourceQuality "1"]

1. e4 c5 2. Nf3 e6 3. Nc3 a6 4. g3 b5 5. Bg2 Bb7 6. d3 Nc6 7. 0-0 Be7 8. Ne1 Nf6 9. e5 Ng8 10. Bf4 d5 11. exd6 Bxd6 12. Bxd6 Qxd6 13. Ne4 Qe7 14. Qh5 e5 15. f4 g6 16. Qh4 Qxh4 17. gxh4 0-0-0 18. Nxc5 exf4 19. Rxf4 f5 20. Nf3 Nge7 21. Ng5 Rdf8 22. Re1 h6 23. Nxb7 hxg5 24. hxg5 Rh5 25. Na5 Kd7 26. Nxc6 Nxc6 27. Bxc6+ Kxc6 28. Re6+ Kd5 29. Rxg6 Ke5 30. Rf2 a5 31. Rg2 f4 32. Rh6 Rxh6 33. gxh6 f3 34. Rg7 Rf6 35. h7 Rh6 36. Kf2 Rh3 37. Ke3 b4 38. Rg5+ Kd6 39. Rxa5 Rxh7 40. Rb5 Rxh2 41. Kxf3 Rxc2 42. Rxb4 Kc5 43. Rc4+ Rxc4 44. dxc4 Kxc4 45. Ke4 1-0

[Event "Zhongshan zt 3.5"]
[Site "Zhongshan"]
[Date "2014.10.27"]
[Round "2"]
[White "Yu, Xiangbo"]
[Black "Yan, Xuesong"]
[Result "0-1"]
[WhiteElo "2149"]
[BlackElo "1900"]
[PlyCount "124"]
[EventDate "2014.10.26"]
[EventType "swiss"]
[EventRounds "11"]
[EventCountry "CHN"]
[SourceTitle "EXT 2015"]
[Source "ChessBase"]
[SourceDate "2014.11.20"]
[SourceVersion "1"]
[SourceVersionDate "2014.11.20"]
[SourceQuality "1"]

1. d4 Nf6 2. c4 e6 3. Nf3 d5 4. Nc3 Bb4 5. e3 0-0 6. Bd2 b6 7. cxd5 exd5 8. Be2 Bb7 9. 0-0 Nbd7 10. Rc1 a6 11. Qc2 Qe7 12. Rfd1 Rfe8 13. h3 Bd6 14. Be1 Nf8 15. a3 Ng6 16. Bf1 Rac8 17. Qb3 Rb8 18. Na2 c5 19. Qxb6 c4 20. Bb4 Red8 21. Bxd6 Rxd6 22. Qb4 Qd8 23. Qc3 Rb6 24. Nd2 Bc6 25. Rb1 Ba4 26. Re1 Qe7 27. e4 Nxe4 28. Nxe4 dxe4 29. Bxc4 Qb7 30. b4 Nh4 31. d5 Rg6 32. Rxe4 Rxg2+ 33. Kf1 Qb6 34. Qe3 Qg6 35. Qd3 Bd7 36. Rbe1 Rg1+ 37. Ke2 Rxe1+ 38. Kxe1 Bf5 39. f3 Qg2 40. Nc3 Nxf3+ 41. Kd1 Bxe4 42. Nxe4 Re8 43. Kc1 Ne5 44. Qe3 Nxc4 45. Nf6+ gxf6 46. Qxe8+ Kg7 47. Qe1 Qb2+ 48. Kd1 Qb1+ 49. Ke2 Qxe1+ 50. Kxe1 Nxa3 51. Kd2 Kf8 52. Kc3 Ke7 53. Kb3 Nb5 54. Ka4 Kd6 55. Ka5 Nc7 56. Kb6 Nxd5+ 57. Kxa6 Nxb4+ 58. Kb5 Nd5 59. Kc4 Ke5 60. h4 h5 61. Kd3 Nf4+ 62. Ke3 Ng6 0-1

[Event "Beijing zt 3.5"]
[Site "Beijing"]
[Date "2012.09.19"]
[Round "10"]
[White "Yan, Xuesong"]
[Black "Li, Di"]
[Result "1/2-1/2"]
[WhiteElo "1808"]
[BlackElo "2094"]
[PlyCount "173"]
[EventDate "2012.09.15"]
[EventType "swiss"]
[EventRounds "11"]
[EventCountry "CHN"]
[SourceTitle "EXT 2013"]
[Source "ChessBase"]
[SourceDate "2012.11.22"]
[SourceVersion "1"]
[SourceVersionDate "2012.11.22"]
[SourceQuality "1"]

1. d4 Nf6 2. c4 g6 3. Nc3 d5 4. cxd5 Nxd5 5. e4 Nxc3 6. bxc3 Bg7 7. Bc4 0-0 8. Ne2 c5 9. 0-0 Nc6 10. Be3 Qc7 11. Rb1 Rd8 12. Qa4 Bd7 13. Qa3 e6 14. Rfc1 Na5 15. Bd3 c4 16. Bc2 b6 17. Rd1 Bc6 18. Qc1 Qd7 19. Bg5 Re8 20. Bh6 Ba4 21. Bxg7 Kxg7 22. Rb2 Bxc2 23. Rxc2 Rad8 24. Qe3 e5 25. Rcd2 Qa4 26. h3 Nb7 27. Ng3 h6 28. h4 b5 29. d5 Qa3 30. h5 Qc5 31. Qxc5 Nxc5 32. hxg6 fxg6 33. f3 Rd6 34. Rb1 Rb8 35. Ne2 Kf7 36. Kf2 Ke7 37. Ke3 a6 38. f4 Nd7 39. a4 Rdb6 40. axb5 axb5 41. Rdb2 Kd6 42. fxe5+ Nxe5 43. Nd4 Kc5 44. Ne6+ Kd6 45. Kd4 h5 46. Ra2 R8b7 47. Ng5 Nd7 48. Nf3 b4 49. e5+ Ke7 50. Rxb4 Rxb4 51. cxb4 Rxb4 52. Rc2 c3+ 53. Kxc3 Re4 54. Kd3 Rg4 55. Re2 h4 56. Nd4 Rg3+ 57. Kc4 Nb6+ 58. Kc5 Nd7+ 59. Kb5 Nxe5 60. Rxe5+ Kd6 61. Nc6 Rxg2 62. Kc4 Rg4+ 63. Kd3 h3 64. Re1 Kxd5 65. Ne7+ Kd6 66. Ng8 Rh4 67. Nf6 h2 68. Ne4+ Ke5 69. Nf2+ Kf4 70. Re4+ Kg5 71. Re5+ Kf6 72. Re1 g5 73. Rh1 Kf5 74. Ke2 Kf4 75. Ra1 Kg3 76. Ra5 g4 77. Ra3+ Kg2 78. Nh1 Kg1 79. Rg3+ Kxh1 80. Kf2 Rh8 81. Rxg4 Rf8+ 82. Ke2 Ra8 83. Kf2 Ra2+ 84. Kf1 Ra1+ 85. Kf2 Rg1 86. Rf4 Rg2+ 87. Kf1 1/2-1/2

[Event "Beijing zt 3.5"]
[Site "Beijing"]
[Date "2012.09.18"]
[Round "7"]
[White "Yan, Xuesong"]
[Black "Fang, Yuxiang"]
[Result "0-1"]
[WhiteElo "1808"]
[BlackElo "2104"]
[PlyCount "122"]
[EventDate "2012.09.15"]
[EventType "swiss"]
[EventRounds "11"]
[EventCountry "CHN"]
[SourceTitle "EXT 2013"]
[Source "ChessBase"]
[SourceDate "2012.11.22"]
[SourceVersion "1"]
[SourceVersionDate "2012.11.22"]
[SourceQuality "1"]

1. d4 d5 2. c4 e6 3. Nc3 Nf6 4. Bg5 Bb4 5. e3 Nbd7 6. Nf3 c5 7. cxd5 exd5 8. dxc5 Qa5 9. Bxf6 Nxf6 10. Qd4 0-0 11. Bd3 Ne4 12. Bxe4 dxe4 13. Ng5 Bf5 14. 0-0 Bxc3 15. Qxc3 Qd8 16. f4 h6 17. Nh3 Bxh3 18. gxh3 Qh4 19. Rad1 Qxh3 20. Qd2 Rad8 21. Qe2 Rfe8 22. Kh1 Qf5 23. b4 Rd3 24. Rd2 Ra3 25. Rg1 g6 26. Rd6 a5 27. Qc4 Kh7 28. Qd4 Rd3 29. Qf6 Qxf6 30. Rxf6 Kg7 31. Rb6 axb4 32. Rxb4 Rxe3 33. Rb6 Rd3 34. Rb4 Re3 35. Rxb7 Rc3 36. Rc7 Ra8 37. Rg2 Rc1+ 38. Rg1 Rc2 39. Rg2 Raxa2 40. Rxc2 Rxc2 41. Re7 Rc4 42. Re5 Kf6 43. c6 Rxc6 44. Rxe4 Kf5 45. Ra4 Kg4 46. Ra2 Rc4 47. Kg2 Rxf4 48. Re2 Ra4 49. Rf2 f5 50. Rb2 g5 51. Rc2 h5 52. Rb2 f4 53. Rf2 Kh4 54. Rb2 g4 55. Rc2 f3+ 56. Kf2 Kh3 57. Ke3 h4 58. Rf2 Ra3+ 59. Kf4 g3 60. Rxf3 Rxf3+ 61. Kxf3 gxh2 0-1